000 00700nam a2200217Ia 4500
001 5329
003 GE_BSU
008 181216s||||||||xx |||||||||||||| ||und||
040 _cGE_BSU
080 _a5ё4.742
100 _aГольдфайн, И.А.
245 _aВекторный анализ и теория поля.
245 _bизбранные главы высшей математики для инженеров и студ.Втузов
245 _cПод ред. Р.С. Гутера
260 _aМосква
260 _bГгосиздат
260 _c1962
300 _a132с. 20см.
653 _aВекторный анализ и теория поля.
942 _cBK
999 _c38910
_d38910